Vista normal
Vista MARC
- Cristianismo y cultura
Entrada Tema o Materia
Número de registros utilizados en: 20
001 - NUMERO DE CONTROL
- Campo de control: 6960
003 - IDENTIFICADOR DEL NUMERO DE CONTROL
- Campo de control: SpMaBN
005 - HORA Y FECHA DE LA ULTIMA TRANSACCIÓN
- Campo de control: 20220624174107.0
008 - CAMPO DE LONGITUD FIJA
- Campo fijo de descripción fija: 951214 n anznnbabn |a ana
016 ## -
- : BNE19951306730
024 7# -
- : http://id.loc.gov/authorities/subjects/sh2008100724
- : lcsh
040 ## -
- : SpMaBN
- : spa
- : SpMaBN
- : rdc
- : embne
042 ## -
- : 20161103
080 ## -
- : 27:316.72(6)
- : 2015
150 ## - ENCABEZAMIENTO DE MATERIA-TEMA
- Téma o Materia: Cristianismo y cultura
- Subdivisón geográfica: África
670 ## - FUENTE EN LA QUE SE LOCALIZARON DATOS
- Cita de la fuente : LCSH
- Información localizada : (Christianity and culture-Africa)
750 #7 - ASIENTO LIGADO AL ENCABEZAMIENTO - TEMATICO
- Encabezamiento temático : Christianity and culture-Africa
- Source of heading or term: lcsh
